000
00325nam a2200133Ia 4500
008
210210b1951 xxu||||| |||| 00| 0 eng d
082
_a
070/93
100
_a
MORRIS (Ernest).
245
_a
Bells of all nations.
260
_a
London
_b
Robert Hale Limited
_c
1951
300
_a
xv,212
690
_a
Instruments
906
_a
000611
999
_c
77125
_d
77125